Trouvez les Pays Inventés #2 - Quiz Tuiles - Statistiques

Statistiques générales
  • Ce quiz a été pris 346 fois
  • Le résultat moyen est 109 sur 125
Statistiques - réponses
Question Tuile Select % Correct
Les cinq pays inventés Arabie Saoudite Non
98%
Les cinq pays inventés Australie Non
98%
Les cinq pays inventés Brésil Non
98%
Les cinq pays inventés Cambodge Non
98%
Les cinq pays inventés Canada Non
98%
Les cinq pays inventés Chine Non
98%
Les cinq pays inventés Espagne Non
98%
Les cinq pays inventés France Non
98%
Les cinq pays inventés Inde Non
98%
Les cinq pays inventés Indonésie Non
98%
Les cinq pays inventés Russie Non
98%
Les cinq pays inventés Turquie Non
98%
Les cinq pays inventés Argentine Non
97%
Les cinq pays inventés Madagascar Non
97%
Les cinq pays inventés Népal Non
97%
Les cinq pays inventés Pakistan Non
97%
Les cinq pays inventés Thaïlande Non
97%
Les cinq pays inventés Chili Non
96%
Les cinq pays inventés Fidji Non
96%
Les cinq pays inventés Royaume-Uni Non
96%
Les quatre pays inventés Cuba Non
95%
Les quatre pays inventés Guatemala Non
95%
Les quatre pays inventés Honduras Non
95%
Les quatre pays inventés Iran Non
95%
Les quatre pays inventés Israël Non
95%
Les quatre pays inventés Italie Non
95%
Les quatre pays inventés Japon Non
95%
Les cinq pays inventés Malt Oui
95%
Les quatre pays inventés Mexique Non
95%
Les quatre pays inventés Monaco Non
95%
Les quatre pays inventés Mongolie Non
95%
Les quatre pays inventés Ouganda Non
95%
Les quatre pays inventés Portugal Non
95%
Les quatre pays inventés Rwanda Non
95%
Les quatre pays inventés Sri Lanka Non
95%
Les quatre pays inventés Jordanie Non
94%
Les quatre pays inventés Sénégal Non
94%
Les trois pays inventés Albanie Non
92%
Les trois pays inventés Algérie Non
92%
Les quatre pays inventés Andorre Non
92%
Les trois pays inventés Arménie Non
92%
Les trois pays inventés Autriche Non
92%
Les trois pays inventés Bolivie Non
92%
Les trois pays inventés Chypre Non
92%
Les trois pays inventés Colombie Non
92%
Les trois pays inventés Géorgie Non
92%
Les trois pays inventés Grèce Non
92%
Les trois pays inventés Irak Non
92%
Les trois pays inventés Mali Non
92%
Les trois pays inventés Maroc Non
92%
Les trois pays inventés Niger Non
92%
Les trois pays inventés Nigeria Non
92%
Les quatre pays inventés Omane Oui
92%
Les trois pays inventés Pérou Non
92%
Les trois pays inventés Serbie Non
92%
Les trois pays inventés Somalie Non
92%
Les trois pays inventés Soudan Non
92%
Les quatre pays inventés Azerbaïdjan Non
91%
Les trois pays inventés Monténégro Non
91%
Les trois pays inventés Ongrie Oui
91%
Les trois pays inventés Syrie Non
91%
Les deux pays inventés Afghanistan Non
90%
Les deux pays inventés Allemagne Non
90%
Les deux pays inventés Biélorussie Non
90%
Les trois pays inventés Gabron Oui
90%
Les deux pays inventés Malaisie Non
90%
Les deux pays inventés Maldives Non
90%
Les deux pays inventés Ouzbékistan Non
90%
Les deux pays inventés Paraguay Non
90%
Les deux pays inventés Pologne Non
90%
Les deux pays inventés Taïwan Non
90%
Les deux pays inventés Tanzanie Non
90%
Les cinq pays inventés Tongo Oui
90%
Les deux pays inventés Tunisie Non
90%
Les deux pays inventés Venezuela Non
90%
Les deux pays inventés Yémen Non
90%
Les deux pays inventés Bangladesh Non
89%
Les deux pays inventés Burkina Faso Non
89%
Les deux pays inventés Comores Non
89%
Les quatre pays inventés Guyana Non
89%
Les trois pays inventés Seychelles Non
89%
Les deux pays inventés Singapour Non
89%
Les deux pays inventés Tadjikistan Non
89%
Les cinq pays inventés Veit Nam Oui
89%
Les deux pays inventés Lituanie Non
88%
Les deux pays inventés Eswatini (Swaziland) Non
87%
Les deux pays inventés Suriname Non
87%
Les deux pays inventés Brunei Non
86%
Les cinq pays inventés Sussie Oui
86%
Les deux pays inventés Timor Oriental Non
86%
Les quatre pays inventés Boutan Oui
84%
Les deux pays inventés Jibouti Oui
84%
Les quatre pays inventés Liechtenstein Non
83%
Les quatre pays inventés Kazakhstan Non
81%
Les trois pays inventés Koweit Non
81%
Le seul pays inventé Angola Non
75%
Le seul pays inventé Bénin Non
75%
Le seul pays inventé Bulgarie Non
75%
Le seul pays inventé Cameroun Non
75%
Le seul pays inventé Côte d'Ivoire Non
75%
Le seul pays inventé Estonie Non
75%
Le seul pays inventé Gambie Non
75%
Le seul pays inventé Ghana Non
75%
Le seul pays inventé Kenya Non
75%
Le seul pays inventé Lettonie Non
75%
Le seul pays inventé Mozambique Non
75%
Le seul pays inventé Namibie Non
75%
Le seul pays inventé Sierra Leone Non
75%
Le seul pays inventé Slovaquie Non
75%
Le seul pays inventé Slovénie Non
75%
Le seul pays inventé Soudan du Sud Non
75%
Le seul pays inventé Togo Non
75%
Le seul pays inventé Turkménistan Non
75%
Le seul pays inventé Uruguay Non
75%
Le seul pays inventé Zambie Non
75%
Le seul pays inventé Zimbabwe Non
75%
Le seul pays inventé Liberia Non
74%
Les quatre pays inventés Saint Lucie Oui
74%
Le seul pays inventé Grenade Non
72%
Les cinq pays inventés Bostwana Oui
71%
Le seul pays inventé Barbade Non
70%
Les deux pays inventés Lesohto Oui
65%
Le seul pays inventé Kirghistan Oui
63%
Les trois pays inventés Lybie Oui
61%
Les quatre pays inventés Hawaï Oui
52%
Aucun quiz correspondant
Distribution des résultats
% des personnes avec chaque résultat
Percentile par nombre de réponses
Votre historique - résultats
Vous n’avez pas pris ce quiz